ZfB: Zeitschrift für Betriebswirtschaft

Salvato in:
Dettagli Bibliografici
Natura: Periodico
Lingua:tedesco
Pubblicazione: Wiesbaden Betriebswirtschaftlicher Verlag Dr. Th. Gabler 1990
Soggetti:
Tags: Aggiungi Tag
Nessun Tag, puoi essere il primo ad aggiungerne!!

MARC

LEADER 00000nas2a2200000 4500
001 s006377
005 20240109090906.9
022 |a 0044-2372 
041 0 |a ger 
044 |a DE 
245 1 0 |a ZfB: Zeitschrift für Betriebswirtschaft 
264 1 |a Wiesbaden  |b Betriebswirtschaftlicher Verlag Dr. Th. Gabler  |c 1990 
300 |a 1 zv. 
773 0 |w eu_un_cat*s120295 
610 2 0 |a hospodárstvo podnikové